Cities With Presidential Libraries on a Map - Statistics

General Stats
  • This quiz has been taken 11 times
  • The average score is 10 of 26
Answers on the Map
Answers color-coded by a green-red scale on the quiz's map according to % correct below.
 
Answer Stats
President Location of Library % Correct
Jimmy Carter Atlanta, GA
100%
John F. Kennedy Boston, MA
90%
Barack Obama Chicago, Il
90%
George W. Bush Dallas, TX
90%
Abraham Lincoln Springfield, IL
80%
Lyndon B. Johnson Austin, TX
70%
Bill Clinton Little Rock, AR
70%
George Washington Mount Vernon, VA
40%
John Adams Quincy, MA
40%
John Quincy Adams Quincy, VA
40%
Gerald R. Ford Ann Arbor, MI
30%
Harry S. Truman Independence, MO
30%
Thomas Jefferson Monticello, VA
30%
Dwight D. Eisenhower Abilene, KS
20%
William McKinley Canton, OH
20%
George H.W. Bush College Station, TX
20%
James Monroe Fredericksburg, VA
20%
Franklin D. Roosevelt Hyde Park, NY
20%
Warren G. Harding Marion, OH
20%
Theodore Roosevelt Medora, ND
20%
Ronald Reagan Simi Valley, CA
20%
Woodrow Wilson Staunton, VA
20%
Richard Nixon Yorba Linda, CA
20%
Rutherford B. Hayes Fremont, OH
10%
Calvin Coolidge Northampton, MA
10%
Herbert Hoover West Branch, IA
10%
No matching quizzes found
Score Distribution
Percent of People with Each Score
Percentile by Number Answered
Your Score History
You have not taken this quiz